| 000 | 01235nac a22003737a 4500 | ||
|---|---|---|---|
| 001 | BR8100026 | ||
| 003 | BR-BrBNA | ||
| 005 | 20240105114851.0 | ||
| 008 | 230509b bl.|||m| |||| 00| 0 por d | ||
| 040 |
_aBR-BrBNA _bpor _cBiblioteca Nacional de Agricultura |
||
| 072 | _aA50; L00 | ||
| 090 | _a5240 BR8100026 | ||
| 100 | 1 | _aSelaive, A.B. | |
| 100 | 1 | _aAraujo, M.M.A. | |
| 110 | 1 | _aUnidade de Execucao de Pesquisa de Ambito Estadual de Bage, RS (Brasil) | |
| 245 | 1 | _aPesquisa em ovinos no Brasil, 1975-1979 [Ovis aries; Producao animal; La; Carne] | |
| 246 | 1 | _a[Sheep research in Brazil, 1975-1979 [Ovis aries; Animal production; Wool; Meat]] | |
| 260 | 3 |
_aBrasilia, DF (Brasil): _bEMBRAPA/DID, _c1980. |
|
| 300 | _a140 p. | ||
| 490 |
_aMiscelanea - Unidade de Execucao de Pesquisa de Ambito Estadual de Bage (Brazil) _vno. 1 _x |
||
| 650 | _aPesquisa | ||
| 650 | _aProducao animal | ||
| 650 | _aOvino | ||
| 650 | _aLa | ||
| 650 | _aCarne | ||
| 650 | _aPesquisa pecuaria | ||
| 650 | _aManejo | ||
| 650 | _aMelhoramento genetico animal | ||
| 650 | _aNutricao animal | ||
| 650 | _aDoenca animal | ||
| 650 | _aPraga de animal | ||
| 909 |
_a202312 _bLúcia Elande _c55 _dLúcia Elande |
||
| 942 |
_2AGRIS _n0 _cMS |
||
| 999 |
_c271762 _d271762 |
||